Poistenie 4.0: Digitálna revolúcia v poisťovníctve

Implementáciu digitálnej revolúcie v poisťovníctve je možné vidieť v troch rovinách: digitalizácia vlastných procesov, identifikácia príležitostí a príjemná komunikácia so zákazníkom. Novinkou bude objednávanie v reálnom čase, keď odberateľ objednávku zasiela digitálne priamo výrobcovi. Táto výmena...

ver descrição completa

Na minha lista:
Detalhes bibliográficos
Autor principal: Lelovský, Mário
Formato: Capítulo de Livro
Idioma:eslovaco
Assuntos:
Tags: Adicionar Tag
Sem tags, seja o primeiro a adicionar uma tag!

MARC

LEADER 00000naa a2200000 4500
001 0237839
005 20171204090617.5
041 0 |a slo 
044 |a CZ 
245 1 0 |a Poistenie 4.0: Digitálna revolúcia v poisťovníctve  |c Mário Lelovský 
520 |a Implementáciu digitálnej revolúcie v poisťovníctve je možné vidieť v troch rovinách: digitalizácia vlastných procesov, identifikácia príležitostí a príjemná komunikácia so zákazníkom. Novinkou bude objednávanie v reálnom čase, keď odberateľ objednávku zasiela digitálne priamo výrobcovi. Táto výmena dát si vyžaduje poskytunutie citlivých údajov. Predmetom záujmu poisťovacieho priemyslu by preto mala byť kybernetická bezpečnosť. Riešenia nízkej digitálnej gramotnosti. 
610 2 0 |a bezpečnosť elektronická 
610 2 0 |a technológie nové 
610 2 0 |a digitalizácia 
610 2 0 |a poisťovníctvo 
610 2 0 |a spokojnosť zákazníkov 
610 2 0 |a transformácia 
100 1 |a Lelovský, Mário